Dans quelles villes évoluent ces clubs de foot français ? - Statistiques

Statistiques générales
  • Ce quiz a été pris 7 305 fois
    7 232 depuis la dernière actualisation
  • Le résultat moyen est 24 sur 30
Statistiques - réponses
Club Ville % Correct
OL Lyon
100%
OM Marseille
100%
PSG Paris
100%
LOSC Lille
99%
ASSE Saint Etienne
98%
RCL Lens
97%
ASM Monaco
97%
OGCN Nice
97%
TFC Toulouse
93%
SCO Angers
90%
HAC Le Havre
90%
DFCO Dijon
88%
MHSC Montpellier
88%
EAG Guingamp
84%
AJA Auxerre
80%
SRFC Rennes
80%
GdB Bordeaux
77%
FCSM Sochaux
76%
VAFC Valenciennes
75%
RCS Strasbourg
71%
ASNL Nancy
69%
SdR Reims
69%
ACA Ajaccio
67%
FCL Lorient
66%
SMC Caen
65%
SB Brest
64%
SCB Bastia
57%
FCM Metz
52%
FBBP Bourg-en-Bresse
34%
GFC Ajaccio
32%
Aucun quiz correspondant
Distribution des résultats
% des personnes avec chaque résultat
Percentile par nombre de réponses
Votre historique - résultats
Vous n’avez pas pris ce quiz depuis la dernière actualisation